| 000 | 02848 a2200229 4500 | ||
|---|---|---|---|
| 003 | UA-OsUOA | ||
| 005 | 20200909154510.0 | ||
| 008 | 200807b un ||||| |||| 00| 0 ukr d | ||
| 040 |
_aUA-OsUOA _bukr _cUA-OsUOA _dUA-OsUOA |
||
| 041 | _aukr | ||
| 080 | _a821.161.2 | ||
| 090 |
_a821.161.2 _bТ19 |
||
| 245 |
_aТарасові шляхи 2012 _cвідп. за друк Я. Б. Шпак |
||
| 260 |
_bФОП Велівченко В. О. _c2012 _aЧеркаси |
||
| 300 | _a200 с. | ||
| 520 | _aУ цій збірці розміщені твори молодих Черкащан - учасників обласного конкурсу юних поетів "Тарасовими шляхами". Головною метою Конкурсу стало виявлення та розкриття літературних здібностей і обдарувань підростаючого покоління, підтримка популяризації його творчості спадщини й утвердження духовних заповідей, як важливого чинника консолідації суспільства, активізації виховної роботи. Кожен охочий із будь-якого куточку Черкащини мав нагоду взяти участь у цьому конкурсі, подавши свої творчі доробки у відділ сім'ї та молоді, вшанування пам'яті Т. Г. Шевченка, популяризації його творчої спадщини й утвердження духовних заповідей, як важливого чинника консолідації суспільства, активізації виховної роботи. Кожен охочий із будь-якого куточку Черкащини мав нагоду взяти участь у цьому конкурсі, подавши свої творчі доробки у відділ сім'ї та молоді у своєму районному центрі чи місті. У 2012 році участь в обласному конкурсі взяли 93 юних поетів, 215 творів яких увійшли до цієї збірки представлені на розгляд професійному журі. Журі обрали по три переможця у кожній віковій категорії конкурсу. | ||
| 650 |
_2UDC _a821 Художня література окремими мовами і мовними сім'ями |
||
| 700 | 1 |
_aШпак Я. Б. _eвідпов. за друк. |
|
| 942 |
_cBK _2udc |
||
| 955 | _a3 | ||
| 999 |
_c460884 _d460884 |
||